000 00280nam a22001337a 4500
008 171108b xxu||||| |||| 00| 0 eng d
020 _a9789994369317
041 _aALB
080 _a330.322
100 _a64
101 _aINV
245 _aINVESTIME
_cKRIPA.D
942 _2udc
_cBK
999 _c38233
_d38233